000 00762nam a22002537a 4500
001 BR9509364
003 BR-BrBNA
005 20230928094759.0
007 ta
008 230509b bl.||||| |||| 00| 0 por d
040 _aBR-BrBNA
_bpor
_cBiblioteca Nacional de Agricultura
041 _a(Por)
072 _aE14
090 _ E14 BR9509364
110 1 _aMinisterio do Interior, Brasilia, DF (Brasil)
_97113
245 1 _aComissao Especial para Implantacao do Estado do Tocantins. Perfil economico-social. Versao preliminar
260 3 _aBrasilia, DF (Brasil):
_c1989.
300 _a258 p.
650 _aDesenvolvimento Economico
650 _aPolitica de Desenvolvimento
650 _aTocantins
909 _a202309
_bLucia
_c55
_dLucia Elande
942 _cBK
999 _c52604
_d52604